Astérix entre os Belgas (Registo nº 5950)

Detalhes MARC
000 -Etiqueta do registo
Valores 00730cam a2200241 04500
021 ## - Número do Depósito Legal
Número 28216/89
100 ## - Dados gerais de processamento
Dados gerais 20211231d1979 de|y0pory5003 ba
200 1# - Titulo e menção de responsabilidade
Título próprio Astérix entre os Belgas
Primeira menção de responsabilidade René Goscinny
Outras menções de responsabilidade il. Albert Uderzo
210 #9 - Publicação
Local de publicação Lisboa
Nome do editor Meribérica
Data de publicação [D.L. 1979]
215 ## - Descrição física 
Paginação / Volumes 48 p.
Outras indicações físicas il.
225 2# - Colecção 
Título próprio da colecção Uma aventura de Astérix, o gaulês
304 ## - Nota relativa ao título
Texto de nota Astérix Chez Les Belges
606 ## - Nome comum usado como assunto
ID Autoridade 1862
Palavra de ordem Banda Desenhada
675 ## - CDU
Notação 087.5
Edição BN
Língua por
675 ## - CDU
Notação 741(=1:44)"19/20"
Edição BN
Língua por
675 ## - CDU
Notação 821.133.1-9"19"
Edição BN
Língua por
700 ## - Autor principal (pessoa individual)
Apelido Goscinny
Datas 1926-1977
Nome René
ID Autoridade 3392
702 ## - Autor secundário (pessoa individual)
Apelido Uderzo
Nome Albert
Datas 1927-2020
ID Autoridade 3361
801 #0 - Fonte de origem
País PT
Agência BMVN
Regras de catalogação RPC
830 ## - Notas gerais do catalogador
Criado por Inês Silva
Data de criação 31/12/2021
990 ## - Elementos KOHA
Tipo de documento Livro
Exemplares
Situação do levantamento Biblioteca de origem Código de barras Cota Permissão de empréstimo Tipo de documento Forma de aquisição
  Biblioteca Municipal de Vendas Novas 100000015294 BD INF/AST   Livro  

Powered by Koha